| 000 | 00431nam a2200181Ia 4500 | ||
|---|---|---|---|
| 001 | 23877 | ||
| 005 | 20260414151006.0 | ||
| 008 | 260414t1956||||xx |||||||||||||| ||spa|| | ||
| 041 | _aESP | ||
| 082 |
_a720.4 _bR96 |
||
| 100 |
_aRuskin, John, _eAUT |
||
| 245 | 0 |
_aLas siete lámparas de la arquitectura _b |
|
| 260 | _c1956 | ||
| 300 |
_a293 páginas : _c21 cm. |
||
| 650 | _aABD | ||
| 654 | _aCAU | ||
| 942 |
_cLIB _dJUS _fJUS _2ddc _n |
||
| 999 |
_c23877 _d23877 |
||